000 00493nam a22001817a 4500
008 180903b xxu||||| |||| 00| 1 tur d
020 _a9786055599545
041 _atur
050 _a PL248.T878
100 _aTürker, Sibel K.
_91179
245 _a Benim Bütün Günahlarım : Roman
250 _a1.Basım
260 _aİstanbul
_bTurkuvaz Kitap
_cHaziran 2010
300 _a206 Sayfa
500 _aGenel Yayın 295 / Edebiyat 140
650 0 _9145
_aTürk Edebiyatı
942 _2lcc
_cBK
999 _c2389
_d2348